New build: getting the loan funds (Record no. 117877)
[ view plain ]
| 000 -LEADER | |
|---|---|
| fixed length control field | 01553cam a2200265 4500 |
| 001 - CONTROL NUMBER | |
| control field | ABS68090 |
| 008 - FIXED-LENGTH DATA ELEMENTS--GENERAL INFORMATION | |
| fixed length control field | 040820n2004 000 0 eng u |
| 035 ## - SYSTEM CONTROL NUMBER | |
| System control number | (Sirsi) u127123 |
| 100 ## - MAIN ENTRY--PERSONAL NAME | |
| Personal name | Hopkins, A. |
| 245 ## - TITLE STATEMENT | |
| Title | New build: getting the loan funds |
| 260 ## - PUBLICATION, DISTRIBUTION, ETC. | |
| Date of publication, distribution, etc. | 2004 |
| 490 ## - SERIES STATEMENT | |
| Series statement | Journal of the Law Society of Scotland |
| Volume/sequential designation | 49(7) July 2004, 54-55(2) |
| 520 ## - SUMMARY, ETC. | |
| Summary, etc. | Describes an impending change in releasing loan funds for new build houses. The aim of the amendment is to reduce the risk of borrowers moving into unfinished new build properties. With effect from 30 August 2004, lenders will not release the mortgage funds for a new build property unless the borrower's conveyancer has received confirmation, in the form of a cover note, that the warranty provider has carried out a final/pre-handover inspection of the property and that a warranty will be provided. Copies of an example of a Council of Mortgage Lenders cover note can be found at www.cml.org.uk/handbook. Concludes the new procedure should improve standards, so that all parties are working together to achieve smooth implementation. |
| 590 ## - LOCAL NOTE (RLIN) | |
| Local note | ABS |
| 590 ## - LOCAL NOTE (RLIN) | |
| Local note | ABS |
| 650 ## - SUBJECT ADDED ENTRY--TOPICAL TERM | |
| Topical term or geographic name entry element | CONVEYANCING |
| 650 ## - SUBJECT ADDED ENTRY--TOPICAL TERM | |
| Topical term or geographic name entry element | NEW-BUILD HOUSES |
| 650 ## - SUBJECT ADDED ENTRY--TOPICAL TERM | |
| Topical term or geographic name entry element | MORTGAGES |
| 650 ## - SUBJECT ADDED ENTRY--TOPICAL TERM | |
| Topical term or geographic name entry element | WARRANTIES |
| 650 ## - SUBJECT ADDED ENTRY--TOPICAL TERM | |
| Topical term or geographic name entry element | BUILDING INSPECTIONS |
| 690 ## - LOCAL SUBJECT ADDED ENTRY--TOPICAL TERM (OCLC, RLIN) | |
| Topical term or geographic name as entry element | BUILDING AND CONSTRUCTION-DESIGN AND STRUCTURES |
| 856 ## - ELECTRONIC LOCATION AND ACCESS | |
| Uniform Resource Identifier | <a href="https://www.cml.org.uk/handbook">https://www.cml.org.uk/handbook</a> |
| Public note | View the cover note on the CML website... |
| 856 ## - ELECTRONIC LOCATION AND ACCESS | |
| Uniform Resource Identifier | <a href="https://www.cml.org.uk/handbook">https://www.cml.org.uk/handbook</a> |
| Public note | View the cover note on the CML website... |
| 942 ## - ADDED ENTRY ELEMENTS (KOHA) | |
| Suppress in OPAC | 0 |
| Withdrawn status | Lost status | Source of classification or shelving scheme | Damaged status | Not for loan | Home library | Current library | Shelving location | Date acquired | Total Checkouts | Full call number | Barcode | Date last seen | Copy number | Price effective from | Koha item type |
|---|---|---|---|---|---|---|---|---|---|---|---|---|---|---|---|
| Dewey Decimal Classification | London | London | Journal article | 20/08/2004 | ABS68090 | 127123-1001 | 06/08/2019 | 1 | 06/08/2019 | Journal article |